Library Logo

Pioneer International University Library Catalogue

Entrepreneurship Theory and Practice: (Record no. 9259)

MARC details
000 -LEADER
fixed length control field 00391nam a22001337a 4500
005 - DATE AND TIME OF LATEST TRANSACTION
control field 20250901165804.0
008 - FIXED-LENGTH DATA ELEMENTS--GENERAL INFORMATION
fixed length control field 250319b |||||||| |||| 00| 0 eng d
020 ## - INTERNATIONAL STANDARD BOOK NUMBER
International Standard Book Number 9966228888
050 ## - LIBRARY OF CONGRESS CALL NUMBER
Classification number HB 615 .B85 2011
245 ## - TITLE STATEMENT
Title Entrepreneurship Theory and Practice:
Remainder of title A kenyan perspective
Statement of responsibility, etc. Prof. Henry M. Bwisa
260 ## - PUBLICATION, DISTRIBUTION, ETC.
Place of publication, distribution, etc. Nairobi :
Name of publisher, distributor, etc. JKF
Date of publication, distribution, etc. 2011
300 ## - PHYSICAL DESCRIPTION
Extent vi, 274 pages :
Dimensions 25 cm .
942 ## - ADDED ENTRY ELEMENTS (KOHA)
Source of classification or shelving scheme Library of Congress Classification
Holdings
Withdrawn status Lost status Source of classification or shelving scheme Damaged status Not for loan Collection Home library Current library Shelving location Date acquired Source of acquisition Total checkouts Full call number Barcode Date last seen Price effective from Koha item type
    Library of Congress Classification       Main Library Main Library   03/19/2025 Donation from KICD   HB 615 .B85 2011 PIUD0000124 04/08/2025 03/19/2025 Books